Segregation of the fertility restoring genes in different cytoplamsms of maize

Gespeichert in:
Bibliographische Detailangaben
1. Verfasser: Đoàn Thị Hồng Hoa
Format: Buch
Sprache:Undetermined
Veröffentlicht: Cần Thơ Viện Đại Học Cần Thơ - Trường Cao Đẳng Nông Nghiệp 1972
Schlagworte:
Tags: Tag hinzufügen
Keine Tags, Fügen Sie den ersten Tag hinzu!
Thư viện lưu trữ: Trung tâm Học liệu Trường Đại học Cần Thơ
LEADER 00648nam a2200181Ia 4500
001 CTU_33469
008 210402s9999 xx 000 0 und d
082 |a 633.15 
082 |b H401 
100 |a Đoàn Thị Hồng Hoa 
245 0 |a Segregation of the fertility restoring genes in different cytoplamsms of maize 
245 0 |c Đoàn Thị Hồng Hoa 
260 |a Cần Thơ 
260 |b Viện Đại Học Cần Thơ - Trường Cao Đẳng Nông Nghiệp 
260 |c 1972 
650 |a corn - breeding,corn - research,field crops 
904 |i Minh, 991029 
980 |a Trung tâm Học liệu Trường Đại học Cần Thơ